00747nam a22001817a 450000500170000000800410001702000180005804000290007604100080010505000200011310000350013324501210016825000180028926001090030730000320041665000620044865000550051020251203174454.0251203b ||||fr|||| 00| 0 eng d a91-85391-54-9 aCENDOC CAAAPbspacCAAAP aspa aJC 599.A4b.P331 aPacheco Oreamuno, Gildaeautor1 aVerdad, justicia y reparación : bDesafíos para la democracia y la convivencia sociala /cGilda Pacheco Oreamuno a1ra edición 1aSan José, Costa Rica :bInstituto Interamericano de Derechos Humanos (IIDH), IDEA Internacional,c2007 a239 páginas ;c24 x 17 cm 0aDerechos HumanosxJusticia transicionalzAmérica Latina 0aDemocraciaxCondiciones socialeszAmérica Latina